| 000 | 00860nam a2200265Ia 4500 | ||
|---|---|---|---|
| 001 | 21939 | ||
| 005 | 20260320113327.0 | ||
| 008 | 260320s9999||||xx |||||||||||||| ||und|| | ||
| 020 | _a9786125043351 | ||
| 041 | _aINGE | ||
| 082 |
_a417.70986 _bS17 |
||
| 100 |
_aSalas García, José Antonio, _eAUT |
||
| 245 | 0 |
_aHistoria de las lenguas del antiguo Obispado de Trujillo _b |
|
| 246 |
_aHistory of the languages of the ancient Bishopric of Trujillo _5 _b |
||
| 250 | _aPrimera edición | ||
| 260 |
_aLima : _bErnst & Young Consultores, _c2023 |
||
| 300 |
_a376 páginas : _bilustraciones, mapas ; _c29 cm. _e |
||
| 440 |
_a _n _v |
||
| 650 | _aLEN | ||
| 653 | _aHistoria de las lenguas; Perú | ||
| 654 | _aCHU | ||
| 700 |
_a _c |
||
| 856 |
_uhttps://www-jstor-org.ucsp.lookproxy.com/ _zVéase además: Base de datos JSTOR |
||
| 942 |
_cLIB _dJUS _fMIP _2ddc _n |
||
| 999 |
_c21939 _d21939 |
||